| 000 | 00481nam a2200169 i 4500 | ||
|---|---|---|---|
| 001 | bg | ||
| 100 | 1 | _aGALUTVA, G. V. | |
| 245 | 0 |
_aSelekcija tipov kolebanij castoty opticeskich kvantovych generatorov / _cG. V. Galutva, A. I. Rjazancev. |
|
| 260 |
_aMoskva : _bIzdat. "Svjaz'", _c1972. |
||
| 300 |
_as. 71 : _bilustr. |
||
| 700 | 1 | _aRJAZANCEV, A. I. | |
| 040 | _cBPK | ||
| 041 | _apol | ||
| 080 | _a621.373:621.375 | ||
| 942 | _cKS | ||
| 008 | s pl f |000 0 pol | ||
| 999 |
_c14991 _d14991 |
||